Simulation und moderne Programmiersprachen Modula-2, C, Ada

Guardado en:
Detalles Bibliográficos
Formato: Libro
Lenguaje:alemán
Publicado: Berlin Springer 1988
Edición:1. Aufl.
Colección:Fachberichte Simulation Band 8
Etiquetas: Agregar Etiqueta
Sin Etiquetas, Sea el primero en etiquetar este registro!

MARC

LEADER 00000nam a2200000 4500
001 c040669
005 20221219111253.3
041 0 |a ger 
044 |a DE 
245 1 0 |a Simulation und moderne Programmiersprachen  |b Modula-2, C, Ada 
250 |a 1. Aufl. 
264 1 |a Berlin  |b Springer  |c 1988 
300 |a 275 s. 
490 1 |a Fachberichte Simulation  |v Band 8 
830 0 |a Fachberichte Simulation  |v Band 8